Las diócesis del reino de León (Record no. 186965)

MARC details
000 -LEADER
campo de control de longitud fija 01094nam a2200265 i 4500
001 - NÚMERO DE CONTROL
campo de control 186965
003 - IDENTIFICADOR DE NÚMERO DE CONTROL
campo de control SpMaBN
005 - FECHA Y HORA DE LA ÚLTIMA TRANSACCIÓN
campo de control 20230906222802.0
008 - DATOS DE LONGITUD FIJA--INFORMACIÓN GENERAL
campo de control de longitud fija 170309s1978 sp be |||| | spa d
080 ## - NÚMERO DE LA CLASIFICACIÓN DECIMAL UNIVERSAL
Número de la Clasificación Decimal Universal 262.3(460.18)"13/14"
080 ## - NÚMERO DE LA CLASIFICACIÓN DECIMAL UNIVERSAL
Número de la Clasificación Decimal Universal 308 : 282(460.18)"13/14"
100 1# - ENTRADA PRINCIPAL--NOMBRE DE PERSONA
Nombre de persona Sánchez Herrero, José.
9 (RLIN) 102698
245 14 - MENCIÓN DEL TÍTULO
Título Las diócesis del reino de León
Resto del título : siglos XIV y XV /
Mención de responsabilidad, etc. José Sánchez Herrero.
260 ## - PUBLICACIÓN, DISTRIBUCIÓN, ETC.
Lugar de publicación, distribución, etc. León :
Nombre del editor, distribuidor, etc. Centro de Estudios e Investigación "San Isidoro" :
-- Archivo Histórico Diocesano,
Fecha de publicación, distribución, etc. 1978.
300 ## - DESCRIPCIÓN FÍSICA
Extensión 513 p. :
Otras características físicas mapas, planos ;
Dimensiones 24 cm.
490 1# - MENCIÓN DE SERIE
Mención de serie Fuentes y estudios de historia leonesa ;
Designación de volumen o secuencia 20
504 ## - NOTA DE BIBLIOGRAFÍA, ETC.
Nota de bibliografía, etc. Bibliografía : p. 14-26.
598 ## - NOTA LOCAL
Nota local Col. patrocinada y dir. por Archivo Histórico Diocesano de León.
650 #4 - PUNTO DE ACCESO ADICIONAL DE MATERIA--TÉRMINO DE MATERIA
Término de materia o nombre geográfico como elemento de entrada Diócesis-
Subdivisión geográfica León (Reino)
9 (RLIN) 162039
710 2# - ENTRADA AGREGADA--NOMBRE DE ENTIDAD CORPORATIVA
Nombre de entidad corporativa o nombre de jurisdicción como elemento de entrada Centro de Estudios e Investigación "San Isidoro"
9 (RLIN) 134242
710 2# - ENTRADA AGREGADA--NOMBRE DE ENTIDAD CORPORATIVA
Nombre de entidad corporativa o nombre de jurisdicción como elemento de entrada Archivo Histórico Diocesano de León.
9 (RLIN) 144237
830 1# - PUNTO DE ACCESO ADICIONAL DE SERIE-TÍTULO UNIFORME
Título uniforme Fuentes y estudios de historia leonesa ;
Designación de volumen o secuencia 20
9 (RLIN) 192719
852 ## - LOCALIZACIÓN
Ubicación ES-MaACL
Número de control de estantería L-31210
Nota libre - Enc. guaflex
Holdings
Estatus retirado Estado de pérdida Estado de daño No para préstamo Biblioteca de origen Biblioteca actual Ubicación en estantería Fecha de adquisición Fuente de adquisición Total de préstamos Signatura topográfica completa Código de barras Visto por última vez Precio de reemplazo Tipo de ítem Koha
        Biblioteca del Ateneo de Madrid Biblioteca del Ateneo de Madrid Depósito 2 09/03/2017     L-31210 1197223 23/02/2023 23/02/2023 Libro impreso